Praktické dopady CVA na banky a jejich klienty

Koncept Credit Valuation Adjustment (CVA) a jeho dopady na výpočet kapitálovej primeranosti voči rizikám protistrany v derivátových obchodoch. Praktické dopady, ktoré CVA prinesie.

Salvato in:
Dettagli Bibliografici
Autore principale: Riegger, Pavel
Altri autori: Vodička, David
Natura: Capitolo di libro
Lingua:ceco
Soggetti:
Tags: Aggiungi Tag
Nessun Tag, puoi essere il primo ad aggiungerne!!

MARC

LEADER 00000naa a2200000 4500
001 0167381
005 20231211082608.1
041 0 |a cze 
044 |a CZ 
245 1 0 |a Praktické dopady CVA na banky a jejich klienty  |c Pavel Riegger, David Vodička 
520 |a Koncept Credit Valuation Adjustment (CVA) a jeho dopady na výpočet kapitálovej primeranosti voči rizikám protistrany v derivátových obchodoch. Praktické dopady, ktoré CVA prinesie. 
610 2 0 |a banky 
610 2 0 |a bankovníctvo 
610 2 0 |a primeranosť kapitálová 
610 2 0 |a deriváty 
610 2 0 |a obchody bankové 
610 2 0 |a riziko likvidity 
610 2 0 |a regulácia 
610 2 0 |a dohľad bankový 
100 1 |a Riegger, Pavel 
700 1 |a Vodička, David